000 00699nam a2200205Ii 4500
003 JO-AjNU
008 230605s9999||||xx |||||||||||||| ||und||
017 _a3894
040 _aJO-AjNU
_bara
_erda
_cJO-AjNU
041 _aara
050 1 4 _aBF199.S442
100 3 _aالسلمي، علي,
_eauthor
_938022
245 0 0 _aتحليل النظم السلوكية
264 3 1 _aد.م:مكتبة غريب،د.ت
300 _a263ص
336 _atext
_btxt
_2rdacontent
337 _aunmediated
_bn
_2rdamedia
338 _avolume
_bnc
_2rdacarrier
650 4 _aالسلوك-جوانب نفسية-السلوك الاداري-علم النفس الاداري-العلاقات الانسانية
_938023
999 _aA15940
_c19508
_d19508